书目信息 |
| 题名: |
教学语法论集
|
|
| 作者: | ;全国语法和语法教学讨论会业务组 编 | |
| 分册: | ||
| 出版信息: | 北京 人民教育出版社 1982 |
|
| 页数: | 376页 | |
| 开本: | 19cm | |
| 丛书名: | ||
| 单 册: | ||
| 中图分类: | H193.5 | |
| 科图分类: | ||
| 主题词: | 汉语--语言教学 | |
| 电子资源: | ||
| ISBN: | ||
| 000 | 00899nam0 2200241 45 | |
| 001 | 0182001496 | |
| 005 | 20060802082437.20 | |
| 010 | @dCNY0.92 | |
| 091 | @a7012.0505 | |
| 100 | @a19950609d1982 em y0chiy0121 ea | |
| 101 | 0 | @achi |
| 102 | @aCN@b110000 | |
| 105 | @ay z 000yy | |
| 200 | 10 | @a教学语法论集@Ajiao xue yu fa lun ji@e全国语法和语法教学讨论会论文汇编@f全国语法和语法教学讨论会业务组编@Fquan guo yu fa he yu fa jiao xue tao lun hui ye wu zu bian |
| 210 | @a北京@c人民教育出版社@d1982 | |
| 215 | @a376页@d19cm | |
| 517 | 1 | @a全国语法和语法教学讨论会论文汇编@Aquan guo yu fa he yu fa jiao xue tao lun hui lun wen hui bian |
| 606 | 0 | @a汉语@x语言教学 |
| 690 | @aH193.5 | |
| 711 | 02 | @a全国语法和语法教学讨论会业务组@Aquan guo yu fa he yu fa jiao xue tao lun hui ye wu zu@4编 |
| 801 | 2 | @aCN@bNLC@c20060802 |
| 801 | 0 | @aCN@b上海图书馆@c20060725 |
| 905 | @f3@b255543-545@dH193.5@e21 | |
| 教学语法论集:全国语法和语法教学讨论会论文汇编/全国语法和语法教学讨论会业务组编.-北京:人民教育出版社,1982 |
| 376页;19cm |
| ISBN :CNY0.92 |
| ● |
| 相关链接 |
|
|
|
|
正题名:教学语法论集
索取号:H193.5/21
 
预约/预借
| 序号 | 登录号 | 条形码 | 馆藏地/架位号 | 状态 | 备注 |
| 1 | 0084479 | 001746766 | 密集书库/ [索取号:H193.5/21] | 在馆 | |
| 2 | 0084480 | 001610509 | 密集书库/ [索取号:H193.5/21] | 在馆 | |
| 3 | 0084481 | 001610466 | 密集书库/ [索取号:H193.5/21] | 在馆 | |
| 4 | 0084482 | 001746775 | 密集书库/ [索取号:H193.5/21] | 在馆 | |
| 5 | 0084483 | 001746800 | 密集书库/ [索取号:H193.5/21] | 在馆 | |
| 6 | 0255541 | 001797498 | 密集书库/ [索取号:H193.5/21] | 在馆 | |
| 7 | 0255542 | 001797345 | 密集书库/ [索取号:H193.5/21] | 在馆 | |
| 8 | 0255543 | 000849121 | 第二样本阅览室/ [索取号:H193.5/21] | 在馆 | |
| 9 | 0255544 | 000848346 | 密集书库/ [索取号:H193.5/21] | 在馆 | |
| 10 | 0255545 | 000848300 | 第四借阅区/ [索取号:H193.5/21] | 在馆 | |
| 11 | 0421567 | 204215679 | 密集书库/ [索取号:H193.5/21] | 在馆 | |
| 12 | 0436268 | 204362689 | 密集书库/ [索取号:H193.5/21] | 在馆 | |
| 13 | 0436269 | 204362698 | 密集书库/ [索取号:H193.5/21] | 在馆 | |
| 14 | 0444159 | 204441595 | 密集书库/ [索取号:H193.5/21] | 在馆 | |
| 15 | 0453328 | 204533282 | 密集书库/ [索取号:H193.5/21] | 在馆 |